|
|
|
|
| LEADER |
00000nab a2200000 ar4500 |
| 001 |
vtls009004116 |
| 003 |
SK-MaSNL |
| 005 |
20260319071304.0 |
| 008 |
070611c2007 xo ||||||h| 000 b|hun |
| 015 |
|
|
|a SNBRB2007/06
|2 snkbucl
|
| 038 |
|
|
|a SNKBUCL
|
| 040 |
|
|
|a DSZK
|b slo
|c DSZK
|e AACR2
|
| 041 |
0 |
|
|a hun
|
| 044 |
|
|
|a xo
|c SK
|
| 080 |
|
|
|a 94(437.6)-051
|x "18/19"
|2 1997
|
| 080 |
|
|
|a 615.838-051
|2 1997
|
| 080 |
|
|
|a 929 Winter, Ľudovít
|2 1997
|
| 100 |
1 |
|
|a Juhász Dósa, János,
|d 1969-
|4 aut
|9 667976
|
| 245 |
1 |
3 |
|a Az utókor hálátlansága
|c Juhász Dósa János
|
| 300 |
|
|
|b Fotogr.
|
| 600 |
1 |
7 |
|a Winter, Ľudovít,
|d 1870-1968
|2 snkbucl
|9 110704
|
| 773 |
0 |
|
|t Szabad újság
|g Évf. XV, sz. 23 (2007), o. 10
|x 1335-6631
|
| 852 |
|
|
|a SNK
|b KIS3GCP
|
| 852 |
|
|
|a DSZK
|b KIS3GCP
|
| 958 |
|
|
|a HU
|
| 958 |
|
|
|a BX
|
| 999 |
|
|
|c 1751946
|d 1753876
|